Los matrimonios irregulares en Escocia /

Contiene: La constitución del matrimonio en Escocia; Los tres tipos de matrimonio irregular en Escocia: per verba de praesenti, por promesa subsequente copula, by Cohabitation with Habit and Repute; La supresión parcial de los matrimonios irreguales y la introducción de una forma regular de matrimon...

Бүрэн тодорхойлолт

-д хадгалсан:
Номзүйн дэлгэрэнгүй
Үндсэн зохиолч: Arechederra, Luis (autor)
Формат: Ном
Хэл сонгох:испани
Хэвлэсэн: Madrid, España : Dykinson, 2004, c2004
Нөхцлүүд:
Шошгууд: Шошго нэмэх
Шошго байхгүй, Энэхүү баримтыг шошголох эхний хүн болох!

MARC

LEADER 00000nam^a2200000^a^4500
001 000180517
005 20250521000000.0
009 20260310101902.299
020 |a 84-9772-411-9 
037 |a Acervo ITESO - Biblioteca 
041 |a ESP 
082 |a 346. 42016  |b ARE 
100 |a Arechederra, Luis  |e (autor) 
245 1 4 |a Los matrimonios irregulares en Escocia /  |c L. Arechederra. 
264 4 |a Madrid, España :  |b Dykinson,  |c 2004, c2004 
300 |a 358 p. 
336 |a texto  |b txt  |2 rdacontenido 
337 |a sin mediación  |b n  |2 rdamedio 
338 |a volumen  |b nc  |2 rdasoporte 
520 |a Contiene: La constitución del matrimonio en Escocia; Los tres tipos de matrimonio irregular en Escocia: per verba de praesenti, por promesa subsequente copula, by Cohabitation with Habit and Repute; La supresión parcial de los matrimonios irreguales y la introducción de una forma regular de matrimonio civil, la Marriage Act 1939; Los matrimonios irregulares en la Marriage, Act 1977. 
649 |a XX 
650 |a Matrimonio -  |z Escocia -  |x Aspectos Jurídicos 
650 |a Matrimonio -  |z Inglaterra -  |x Aspectos Jurídicos 
650 |a Derecho de Familia -  |z Escocia 
650 |a Derecho de Familia -  |z Inglaterra 
650 |a Derecho Civil -  |z Escocia 
650 |a Derecho Civil -  |z Inglaterra 
650 |a Derecho Privado -  |z Escocia 
650 |a Derecho Privado -  |z Inglaterra 
650 |a Escocia -  |x Condiciones Jurídicas 
650 |a Inglaterra -  |x Condiciones Jurídicas 
910 |a Fondo General 
920 |a Impresos - Libros 
930 |a Colección General 
905 |a 101 
901 |a 0500119876  |b IT1  |c ACC  |u 20250521 
902 |a https://opac.biblio.iteso.mx/vufind/Record/000180517